000 00337nam a2200133Ia 4500
008 151213s9999 xx 000 0 und d
100 _aFriends Books
245 _aToni Morrisum :The Bluest Eye
_cFriends Books
260 _aDhaka
_bFriends Book
300 _a3534 p.
650 _aEnglish
700 _aFriends Books
999 _c2340
_d2340